| 000 | 00562nam a2200193 i 4500 | ||
|---|---|---|---|
| 001 | 98101 | ||
| 003 | ES-MaACL | ||
| 005 | 20240421063021.0 | ||
| 007 | t| | ||
| 008 | 050722s1978 sp ||||1| spa d | ||
| 100 | 1 |
_aMarrodán, Mario Ángel, _d1932-2005 _977080 |
|
| 245 | 1 | 0 |
_aCantos a la muerte / _cMario Angel Marrodán. |
| 260 |
_aValladolid : _bSever Cuesta, _c1978. |
||
| 300 |
_a105 p. ; _c22 cm. |
||
| 490 | 1 |
_aRoca caliza ; _v4 |
|
| 830 | 0 |
_aRoca caliza ; _v4 _9184454 |
|
| 852 |
_aES-MaACL _jA-9736 _bR.98564 |
||
| 999 |
_c98101 _d98101 |
||